XXII Premis prevenció d'incendis forestals : 2018 2018
Descripción Física:
1 díptic ; color ; 15 x 21
Idioma:
Catalán
MARC
| LEADER | 00000nam a22000007a 4500 | ||
|---|---|---|---|
| 001 | 27983 | ||
| 003 | Arxiu | ||
| 005 | 20260324181518.0 | ||
| 008 | 230606b spa||||| |||| 00| 0 cat d | ||
| 040 | |a agdb |b cat | ||
| 245 | |a XXII Premis prevenció d'incendis forestals : |b 2018 | ||
| 246 | |a 22è premis Prevenció d'Incendis Forestals 2019 | ||
| 260 | |a Barcelona : |b Diputació de Barcelona ; |c 2018 | ||
| 300 | |a 1 díptic ; |b color ; |c 15 x 21 | ||
| 500 | |a Fulletó de l'acte d'entrega dels premis realitzada el dia 10 de novembre de 2018 al Teatre Auditori de Llinars del Vallès. | ||
| 650 | 0 | |9 55415 |a Incendis forestals |x Prevenció i control |x Premis | |
| 710 | |a Barcelona (Catalunya : Província). |b Oficina Tècnica de Prevenció Municipal d'Incendis Forestals |9 9456 | ||
| 942 | |2 udc |c ARXIU |n 1 | ||
| 952 | |0 0 |1 0 |2 udc |4 0 |6 FU7615 |7 1 |9 66463 |a Arxiu |b Arxiu |d 2023-06-06 |l 0 |o FU-76-15 |p 27983 |r 2023-06-06 00:00:00 |w 2023-06-06 |y ARXIU | ||
| 999 | |c 83796 |d 83796 | ||